000 00777nam a22001815i 4500
001 164093
003 ES-MaACL
005 20230906212853.0
008 990701s1866 sp |||| | spa d
040 _aGA
_bspa
_cCCPB | 3D
100 1 _aRubio y Diaz, Vicente.
_9222492
245 1 0 _aConsideraciones acerca del escalafón de catedráticos de institutos de 2ª enseñanza /
_cpor Vicente Rubio y Diaz.
260 _aCádiz :
_b[s.n.],
_c1866 (
_fImprenta y litografía de la Revista Médica)
300 _a21 p. ;
_c23 cm.
610 2 4 _aCuerpo de Catedráticos Numerarios de Bachillerato-
_vEscalafones.
_9139164
852 _aES-MaACL
_jT-370-F-15
_z-- Enc. hol.
_z-- Sello de Los Escolares Médicos, Madrid
_z-- Dedic. ms. del autor a José Mª Lopez
999 _c164093
_d164093